Fashion portfolio : (Record no. 30576)

MARC details
000 -LEADER
fixed length control field 00961nam a22003011i 4500
001 - CONTROL NUMBER
control field 016609513
003 - CONTROL NUMBER IDENTIFIER
control field EG-ScBUE
005 - DATE AND TIME OF LATEST TRANSACTION
control field 20230925103452.0
008 - FIXED-LENGTH DATA ELEMENTS--GENERAL INFORMATION
fixed length control field 131203s2014 enka f b 001 0 eng d
020 ## - INTERNATIONAL STANDARD BOOK NUMBER
International Standard Book Number 9781849940856 (pbk.)
040 ## - CATALOGING SOURCE
Original cataloging agency StDuBDS
Language of cataloging eng
Description conventions rda
Transcribing agency StDuBDS
Modifying agency Uk
-- EG-ScBUE
082 04 - DEWEY DECIMAL CLASSIFICATION NUMBER
Classification number 746.92
Edition number 22
Item number KIP
100 1# - MAIN ENTRY--PERSONAL NAME
Personal name Kiper, Anna,
Relator term author.
245 10 - TITLE STATEMENT
Title Fashion portfolio :
Remainder of title design and presentation /
Statement of responsibility, etc Anna Kiper.
264 #1 - PUBLICATION, DISTRIBUTION, ETC. (IMPRINT)
Place of publication, distribution, etc London :
Name of publisher, distributor, etc Batsford,
Date of publication, distribution, etc 2014.
300 ## - PHYSICAL DESCRIPTION
Extent 224 pages :
Other physical details illustrations (colour) ;
Dimensions 28 cm
336 ## - CONTENT TYPE
Content type term text
Source rdacontent
Content type code txt
336 ## - CONTENT TYPE
Content type term still image
Source rdacontent
Content type code txt
337 ## - MEDIA TYPE
Media type term unmediated
Source rdamedia
Media type code n
338 ## - CARRIER TYPE
Carrier type term volume
Source rdacarrier
Carrier type code nc
504 ## - BIBLIOGRAPHY, ETC. NOTE
Bibliography, etc Includes bibliographical references and index.<br/>
650 #7 - SUBJECT ADDED ENTRY--TOPICAL TERM
Topical term or geographic name as entry element Fashion design.
Source of heading or term BUEsh
650 #7 - SUBJECT ADDED ENTRY--TOPICAL TERM
Topical term or geographic name as entry element Fashion drawing.
Source of heading or term BUEsh
650 #7 - SUBJECT ADDED ENTRY--TOPICAL TERM
Topical term or geographic name as entry element Art portfolios.
Source of heading or term BUEsh
653 ## - INDEX TERM--UNCONTROLLED
Arrived date list September2023
Resource For college Arts and Design
Specialization Fashion Design
655 ## - INDEX TERM--GENRE/FORM
Form subdivision Reading book
942 ## - ADDED ENTRY ELEMENTS (KOHA)
Source of classification or shelving scheme Dewey Decimal Classification
Koha item type Book - Borrowing
Holdings
Withdrawn status Lost status Source of classification or shelving scheme Damaged status Not for loan Collection code Home library Current library Shelving location Date acquired Source of acquisition Cost, normal purchase price Serial Enumeration / chronology Total Checkouts Total Renewals Full call number Barcode Date last seen Date checked out Cost, replacement price Price effective from Koha item type
    Dewey Decimal Classification     Baccah Central Library Central Library Second Floor 25/09/2023 Purchase 857.00 37687 1 22 746.92 KIP 000056909 30/11/2025 22/05/2024 1071.25 25/09/2023 Book - Borrowing